00285nam a2200109Ia 4500008004000000082001600040100001900056245003400075260003000109300000700139650002900146210210b1968 xxu||||| |||| 00| 0 eng d a822.33 ORLL aORLANDI (Enzo) aLife and times of Shakespeare aLondonbPaul Hamlync1968 a75 aShakespeare Biography